000 00212 a2200097 4500
001 4076
100 _aCasamassa,J.V
245 _ajet air craft power dystems
260 _a
_bMC-Graw-Hill
_c
090 _c3295
_d3295
942 _aNUST-CAE
_cM
_c25502
999 _c239149
_d239149